Chemická technika I pro 1.ročník studijního oboru Chemicko-farmaceutická výroba /

Salvato in:
Dettagli Bibliografici
Autori principali: Sajvera, Jiří (Autore), Vojtíšková, Alena (Autore)
Natura: Libro
Lingua:ceco
Pubblicazione: Praha : Informatorium, 1996
Tags: Aggiungi Tag
Nessun Tag, puoi essere il primo ad aggiungerne!!

MARC

LEADER 00000nam a22000003a 4500
001 stu15718
005 20150617225756.7
008 971010s1996----xr------------------cze-d
020 |a 80-85427-83-4 
040 |a STU  |b slo 
041 0 |a cze 
044 |a xr 
080 |a 66.01 
100 1 |a Sajvera, Jiří  |4 aut 
245 1 |a Chemická technika I pro 1.ročník studijního oboru Chemicko-farmaceutická výroba /  |c [aut.]Sajvera,Jiří, Vojtíšková,Alena 
260 |a Praha :  |b Informatorium,  |c 1996 
300 |a 234 s :  |b Obr.,tab.,grafy,lit.,index 
700 1 |a Vojtíšková, Alena  |4 aut 
996 |b C95008  |c C*95008  |l CCVI  |s P  |a 0  |w stu15718_0001